St. Thomas Law Review

Detalles Bibliográficos
Formato: eBook
Lenguaje:inglés
Publicado: Miami Gardens: St. Thomas Law Review, 2009
Materias:
Acceso en línea:Acceso restringido

MARC

LEADER 00000nam a22000007a 4500
005 20190926134238.0
007 cr|||| ||||
008 190926s20099999us tr|w s|||| 0|||b1eng d
022 |a 1065-318X 
035 |a 5890 
040 |a vLex 
090 |c 9646  |d 9646 
245 0 0 |a St. Thomas Law Review  |h [Recurso electrn̤ico] / 
256 |a Servicio en ln̕ea 
260 |a Miami Gardens:  |b St. Thomas Law Review,  |c 2009 
300 |a 1 recurso electrn̤ico 
310 |a Cuatrimestral 
506 1 |a Disponible solo en los productos indicados  |d vLex Global  |d vLex Global (Academic Edition, excluding Law Schools)  |d vLex Global (Academic Edition, Law Schools) 
650 0 4 |a Derecho Pb︢lico y Administrativo  |z Estados Unidos 
650 0 4 |a Derecho Civil  |z Estados Unidos 
740 0 |a vLex Revistas (Servicio en ln̕ea) 
856 4 0 |u http://vlex.com/source/st-thomas-law-review-5890  |z Acceso restringido 
942 |c REV 
999 0 |a Public and Administrative Law 
999 0 |a Civil Law